| 000 | 00902nam a2200277 a 4500 | ||
|---|---|---|---|
| 001 | 2467764 | ||
| 003 | ARRUPE | ||
| 005 | 20170216100440.0 | ||
| 008 | 890817s1988 rh 000 0 eng | ||
| 010 | _a 89980661 | ||
| 020 | _a0797408371 | ||
| 040 |
_aDLC _cDLC _dDLC |
||
| 043 | _af------ | ||
| 050 | 0 | 0 |
_aDT30.5 _b.S516 1988 |
| 082 | 0 | 0 |
_a320.96 _220 |
| 100 | 1 |
_aShivji, Issa G. _926886 |
|
| 245 | 1 | 0 |
_aFight my beloved continent : _bnew democracy in Africa / _cby Issa G. Shivji. |
| 250 | _a1st ed. | ||
| 260 |
_aMount Pleasant, Harare : _bSAPES Trust, _c1988. |
||
| 300 |
_aiii, 40 p. ; _c21 cm. |
||
| 440 | 0 |
_aSouthern Africa political economy series _923141 |
|
| 651 | 0 |
_aAfrica _xDemocracy _928866 |
|
| 906 |
_a7 _bcbc _corignew _d3 _encip _f19 _gy-gencatlg |
||
| 942 |
_2lcc _cMONOGRAPH |
||
| 999 |
_c126134 _d126134 |
||